Normal view
MARC view
Entry Nombre corporativo
001 - NÚMERO DE CONTROL
- campo de control: 18693
003 - IDENTIFICADOR DEL NÚMERO DE CONTROL
- campo de control: BNPHU
005 - FECHA Y HORA DE LA ÚLTIMA TRANSACCIÓN
- campo de control: 20250307103002.0
008 - DATOS DE LONGITUD FIJA
- campo de control de longitud fija: 200615|| aca||aabn | a|a d
010 ## - NÚMERO DE CONTROL DE LA BIBLIOTECA DEL CONGRESO
- Número de control de LC: n 85372350
040 ## - FUENTE DE LA CATALOGACIÓN
- Centro catalogador/agencia de origen: DO-SdBNP
- Lengua de catalogación: spa
- Centro/agencia transcriptor: BNPH
- Normas de descripción: rda
110 2# - ENCABEZAMIENTO-NOMBRE DE ENTIDAD CORPORATIVA
- Nombre de entidad corporativa o nombre de jurisdicción como elemento de entrada: Asociación Nacional de Jóvenes Empresarios (República Dominicana)
410 ## - TRAZADO DE VÉASE--NOMBRE DE ENTIDAD CORPORATIVA
- Nombre de entidad corporativa o nombre de jurisdicción como elemento de entrada: ANJE
670 ## - FUENTE DE DATOS ENCONTRADOS
- Cita de la fuente: Work cat.: (OSt)6505: Seminario Pacto de Solidaridad Económica y sus Implicaciones Económicas, Sociales y Políticas 12 : (1990: Santo Domingo) 18691, El pacto de la solidaridad económica y sus implicaciones económicas, sociales y políticas., 1990.
670 ## - FUENTE DE DATOS ENCONTRADOS
- Cita de la fuente: Influencia del sector privado sobre la realidad nacional, 1986:
- Información encontrada: portada (ANJE, Asociación Nacional de Jóvenes Empresarios) p. 7 (República Dominicana)
